A feketebodza növényvédelme
Elmentve itt :
| Szerző: | |
|---|---|
| További közreműködők: | |
| Dokumentumtípus: | Szakdolgozat |
| Megjelent: |
2002
|
| Kulcsszavak: | Fekete bodza Növényvédelem |
| Tárgyszavak: | |
| Online Access: | http://diploma.bibl.u-szeged.hu/101069 |
| LEADER | 00673nta a2200217 i 4500 | ||
|---|---|---|---|
| 001 | dipl101069 | ||
| 005 | 20220128072810.0 | ||
| 008 | 220114s2002 hu om 0|| zxx d | ||
| 040 | |a SZTE Diploma Repozitórium |b hun | ||
| 041 | |a zxx | ||
| 100 | 1 | |a Kun Zoltán | |
| 245 | 1 | 2 | |a A feketebodza növényvédelme |h [elektronikus dokumentum] / |c Zoltán Kun |
| 260 | |c 2002 | ||
| 300 | |a 49 | ||
| 650 | 4 | |a Agrár | |
| 650 | 4 | |a Plant breeding and plant protection | |
| 695 | |a Fekete bodza | ||
| 695 | |a Növényvédelem | ||
| 700 | 0 | 1 | |a Mile Lajos |e ths |
| 700 | 0 | 1 | |a Horváth Sándor |e ths |
| 856 | 4 | 0 | |u https://diploma.bibl.u-szeged.hu/id/eprint/101069/2/2002_kun_zoltan.pdf |z Dokumentum-elérés |